Fremderverkehrsstatistik Wintersaison 1987/88. Fürstentum Liechtenstein

Salvato in:
Dettagli Bibliografici
Natura: Libro
Lingua:tedesco
Pubblicazione: Vaduz Amt für Volkswirtschaft 1988
Edizione:1. Aufl.
Tags: Aggiungi Tag
Nessun Tag, puoi essere il primo ad aggiungerne!!

MARC

LEADER 00000nam a2200000 4500
001 c029659
005 20251217113646.5
041 0 |a ger 
044 |a LI 
245 1 0 |a Fremderverkehrsstatistik  |b Wintersaison 1987/88. Fürstentum Liechtenstein 
250 |a 1. Aufl. 
264 1 |a Vaduz  |b Amt für Volkswirtschaft  |c 1988 
300 |a 20 s.